000 00323nam a2200145Ia 4500
005 20251222143214.0
008 251222s9999||||xx |||||||||||||| ||spa||
020 _a84-376-1097-4
082 _a828.35/S47H
100 _aShakespeare, William
245 0 _aHamlet
250 _a8a.ed.
264 _bCátedra
942 _cLIB
999 _c13563
_d13563